Criminologa̕ preventiva Estrategias preventivas basadas en casos reales y metodologa̕s aplicables al contexto local /

Bibliographic Details
Main Author: Riega Cayetano, Renzo
Other Authors: Přez Arroyo, Miguel
Format: eBook
Language:Spanish
Subjects:
Online Access:Acceso restringido

MARC

LEADER 00000nam a22000007a 4500
005 20220907003446.0
007 cr|||| ||||
008 220907s2022 pe |||||s|||| 00||0 spa d
020 |a 978-612-4460-43-2 
035 |a 36895 
040 |a vLex 
090 |c 13883  |d 13883 
100 1 |a Riega Cayetano, Renzo 
245 1 0 |a Criminologa̕ preventiva  |h [Recurso electrn̤ico] :  |b Estrategias preventivas basadas en casos reales y metodologa̕s aplicables al contexto local /  |c Renzo Riega Cayetano, Miguel Přez Arroyo 
256 |a Servicio en ln̕ea 
300 |a 1 recurso electrn̤ico 
506 1 |a Disponible solo en los productos indicados  |d vLex Global  |d vLex Global (Academic Edition, excluding Law Schools)  |d vLex Global (U.S. Academic Edition, Law Schools)  |d vLex Global (U.S. Academic Edition, excluding Law Schools)  |d vLex Global (Academic Edition, Law Schools) 
650 0 4 |a Derecho Penal  |z Per︢ 
700 1 |a Přez Arroyo, Miguel 
740 0 |a vLex Libros (Servicio en ln̕ea) 
856 4 0 |u https://app.vlex.com/#/sources/36895  |z Acceso restringido 
942 |c BOOK 
999 0 |a Criminal law